Catálogo público

Diseño de Industrias Agroalimentarias / (Record no. 172369)

MARC details
000 -CABECERA
campo de control de longitud fija 00739nam a2200253Ia 4500
001 - NÚMERO DE CONTROL
campo de control dia_1830
003 - IDENTIFICADOR DEL NÚMERO DE CONTROL
campo de control CHAP
005 - FECHA Y HORA DE LA ÚLTIMA TRANSACCIÓN
campo de control 20251023164042.0
008 - DATOS DE LONGITUD FIJA--INFORMACIÓN GENERAL
campo de control de longitud fija 220117s1990 xx 000 0 und d
010 ## - NÚMERO DE CONTROL DE LA BIBLIOTECA DEL CONGRESO
Número de control de LC 172369
040 ## - FUENTE DE LA CATALOGACIÓN
Centro/agencia transcriptor CHAP
082 ## - NÚMERO DE LA CLASIFICACIÓN DECIMAL DEWEY
Número de clasificación 631.56 L6
100 ## - ENTRADA PRINCIPAL--NOMBRE DE PERSONA
Nombre de persona López Gómez, Antonio
9 (RLIN) 67939
245 ## - MENCIÓN DE TÍTULO
Título Diseño de Industrias Agroalimentarias /
Mención de responsabilidad, etc. por Antonio López Gómez
260 ## - PUBLICACIÓN, DISTRIBUCIÓN, ETC.
Lugar de publicación, distribución, etc. Madrid, España :
Nombre del editor, distribuidor, etc. A.Madrid Vicente, Ediciones,
Fecha de publicación, distribución, etc. 1990
300 ## - DESCRIPCIÓN FÍSICA
Extensión 210 p.
500 ## - NOTA GENERAL
Nota general I.163062
650 ## - PUNTO DE ACCESO ADICIONAL DE MATERIA--TÉRMINO DE MATERIA
Término de materia o nombre geográfico como elemento de entrada 1.Ingeniería agrícola/
9 (RLIN) 151640
650 ## - PUNTO DE ACCESO ADICIONAL DE MATERIA--TÉRMINO DE MATERIA
Término de materia o nombre geográfico como elemento de entrada Alimentos
Subdivisión general tecnología.
9 (RLIN) 4284
901 ## - ELEMENTOS DE DATOS A LOCAL LDA (RLIN)
a 631.56 L6
902 ## - ELEMENTOS DE DATOS B LOCAL, LDB (RLIN)
a M
905 ## - ELEMENTOS DE DATOS E LOCAL, LDE (RLIN)
a 0000001990 MADA 0000000000SPA00
942 ## - ELEMENTOS DE PUNTO DE ACCESO ADICIONAL (KOHA)
Tipo de ítem Koha Libro
Fuente del sistema de clasificación o colocación Dewey Decimal Classification
Holdings
Estado de retiro Estado de pérdida Fuente del sistema de clasificación o colocación Estado dañado No para préstamo Código de colección Localización permanente Ubicación/localización actual Ubicación en estantería Fecha de adquisición Información codificada de la localización en otra ubicación Total de préstamos Código de barras Fecha visto por última vez Número de copia Precio válido a partir de Tipo de ítem Koha
    Dewey Decimal Classification     General Ingenieria Agroindustrial Ingenieria Agroindustrial   18/01/2022 1   dia_3740 18/01/2022 1 18/01/2022 Libro